000 004790000a22001810004500
003 MACL
005 20160114132010.0
008 150711b xxu||||| |||| 00| 0 eng d
040 _aMACL
_cMACL
041 _aEnglish
082 _a320/AGH
100 _aAghadi, Bharatiya Janwadi
_91769
245 _aIndia's Saffron Surge
_bRenaissance or Fascism?
260 _bBharatiya Janwadi Aghadi
_c1993
_aBombay
350 _a45
650 _aPolitical science
_988
942 _cBK
_k320
_2ddc
999 _c3453
_d3453